| 000 | 01453nam0a2200313 4500 | ||
|---|---|---|---|
| 001 | RU\NLR\BIBL_A\022641780 | ||
| 005 | 20260420054711.0 | ||
| 010 |
_a978-5-7680-2942-5 _97515 |
||
| 021 |
_aRU _bКН-П-25-016012 _9КН-П-25-1632 |
||
| 035 | _a(NLR Aleph) 022641780 | ||
| 090 |
_a13685340 _c13685340 |
||
| 100 | _a20251010d2024 e y0rusy50 ca | ||
| 101 | 0 | _akbd | |
| 102 | _aRU | ||
| 105 | _aca||j||||||z | ||
| 200 | 1 |
_aАдыгэ литературэ _e8 кл. _eкурыт еджапӀэхэм зэрыщеджые тхылъ _fБищӀо Б. Ч., БищӀо М. С. |
|
| 210 |
_aНальчик _cЭльбрус _d2024 |
||
| 215 |
_a328,[1] с. _cпортр., ил. _d22 |
||
| 225 | 1 | _aЛъэпкъым и псэр и бзэрщ | |
| 541 | 1 |
_6z01790 _aКабардино-черкесская литература _eучебник для общеобразоват. учреждений _e8 кл. _zrus |
|
| 606 | 0 |
_aКабардинская литература _jУчебники для средней школы _9998852 _3RU\NLR\auth\66378471 |
|
| 686 | 1 | _aШ5(2=К) я72 | |
| 700 | 1 |
_4070 _7ca _8kbd _aБищӀо _bБ. Ч. и къуэ _f1952- _gБорис Чэмал и къуэ _9136450 _3RU\NLR\AUTH\770136485 |
|
| 701 | 1 |
_aБищIо _bМ. С. _4070 |
|
| 790 | 1 |
_4070 _7ca _8rus _aБижоев _bБ. Ч. _f1952- _gБорис Чамалович _9136447 _3RU\NLR\AUTH\770136482 |
|
| 942 | _cBOOK | ||
| 980 | _aNB | ||
| 980 | _aONL_RF | ||